00527nam a2200157Ia 4500008004100000082001500041100001800056245002100074260004700095300001000142630001800152650006000170942000900230952011300239999001700352211109s9999||||xx |||||||||||||| ||und|| a840bWAL-D aWalpole, Hugh 0aDuchess of Wrexe bMacmillan and Co., LimitedaKingstonc1919 a258p. xGeneral Stack aliteraturevLiteratures of Romance languagesxGeneralia cBOOK 00104070aSBCLbSBCLc2d2021-11-09g100.00l0o840 WAL-Dp00020485r2021-11-09 00:00:00w2021-11-09yBOOK c19787d19787